| 000 | 00781nam a2200217 4500 | ||
|---|---|---|---|
| 003 | CO-ViMGA | ||
| 020 | _a9789587577655 | ||
| 040 |
_aCO-ViMGA _bspa _cCO-ViMGA |
||
| 082 | 0 | 4 |
_a460.08 _bG67p |
| 100 | 1 |
_aGossaín, Juan _913533 |
|
| 245 | 1 | 0 |
_aLas palabras más bellas y otros relatos sobre el lenguaje / _cJuan Gossain |
| 260 |
_aBogotá : _bIntermedio |
||
| 300 |
_a178 páginas ; _b23 cm |
||
| 490 | _aPlan Nacional de Lectura y Escritura Leer es mi Cuento / Ministerio de Cultura | ||
| 500 | _aRecomendado para público adulto | ||
| 650 | 1 | 4 |
_aEspañol - Alfabeto - Ensayos _913534 |
| 650 | 1 | 4 |
_aEspañol - Etimologia - Ensayos _913535 |
| 650 | 1 | 4 |
_aEspañol - Palabras Y Frases - Ensayos _913536 |
| 650 | 1 | 4 |
_aEspañol - Palabras Y Frases - Historia _913537 |
| 942 |
_2ddc _cBK |
||
| 999 |
_c8622 _d8622 |
||